LEADER 01114nam a2200229 i 4500 001 000000253525 003 CaOOAMICUS 005 20170331000000.0 008 170331s1732 it u000 u lat u 013 $a232430 026 $as.um m-in sto- sesi (3) 1732 (R) 040 $aSeMil$bita 100 1 $aLivius, Titus,$d<59 a.C.-17.d.C.>.$0(OLS)http://semarc/name/3415 245 10$a2. 300 $a[8], 544, [2] p. 500 $aSegn.: pg2 A-Y12 Z8. - Medaglione di Tito Livio sul front. - Lascito Card. C.M. Martini. 773 0 $aLivius, Titus <59 a.C.-17.d.C.>$tTiti Livii Patavini Historiae romanae libri, qui supersunt, duplici divisione in capita distincti, periochis insuper, variis lectionibus, chronologia, & rethoricis exercitationibus illustrati. Tomus 1. [-4.].$dAugustae Taurinorum : Sumtibus Dominici Amedei Fontanae bibliopolae prope Palatium Civitatis, 1731-1732$g2$w()4278 850 $aSeMil 852 $aSeMil$W1$xVenegono$y1$m3S VII 99 FA$j203871$B203871$CSeMilBibl$Z2$F217291 $8I 941 1 $a4 961 $aLascito: Martini Card. Carlo Maria 996 $6245$a2$9(OLS)http://semarc/title/46889 LEADER 00625naa a2200157 i 4500 001 000000319627 003 CaOOAMICUS 005 20180831173310.0 008 180831n it u000 u ita u 013 $a29409 040 $aSeMil$bita 245 10$aCorrispondenza tra S. Carlo e Francesco Maria Tarugi. 650 4$aBorromeo, Carlo - Lettere e carteggi.$0(OLS)http://semarc/subject/4271 650 4$aTarugi, Francesco Maria .$0(OLS)http://semarc/subject/44131 773 0 $t14.$gp.231-285$w()105852 996 $6245$aCorrispondenza tra S. Carlo e Francesco Maria Tarugi$9(OLS)http://semarc/title/393375 LEADER 00442nab a2200133 i 4500 001 000000320821 003 CaOOAMICUS 005 20180831173334.0 008 180831n it uu u0 0ita r 013 $a31039 040 $aSeMil$bita 245 13$aLa vita come vocazione. - In [rubrica] :$bEditoriale. 773 0 $tArcivescovo ai seminaristi.$gp.1$w()277244 996 $6245$aLa vita come vocazione. - In [rubrica] :$bEditoriale.$9(OLS)http://semarc/title/394379 LEADER 00970nam a2200265 i 4500 001 000000039343 003 CaOOAMICUS 005 20150202000000.0 008 150202s1973 it u000 u ita u 013 $a10078 040 $aSeMil$bita 100 1 $aRonchey, Alberto,$d<1926-2010>.$0(OLS)http://semarc/name/19053 245 10$aAtlante ideologico /$cAlberto Ronchey. 260 $aMilano :$bGarzanti,$ccopyr. 1973. 300 $a355 p. ;$c22 cm. 490 0 $aSaggi 500 $aContiene : Bibliografia. - Ai piè del front : Fondo Ciprandi. 650 4$aPolitica - Saggi.$0(OLS)http://semarc/subject/2338 830 0$aSaggi.$0(OLS)http://semarc/title/341 850 $aSeMil 852 $aSeMil$W1$xVenegono$y1$m3N I 417$j5498$B5498$CSeMilBibl$Z2$F5498 $81 941 1 $a1 961 $aOmaggio: Ciprandi dott. Paolo 996 $6245$aAtlante ideologico$9(OLS)http://semarc/title/55974 996 $6260$aMilano :$bGarzanti$9(OLS)http://semarc/publisher/29852 LEADER 00633naa a2200145 i 4500 001 000000296892 003 CaOOAMICUS 005 20180831172554.0 008 180831n xx u000 u und u 013 $a4403 040 $aSeMil$bita 100 1 $aLosskij, Nikolaj Onufrievic <1929-2017>.$0(OLS)http://semarc/name/90335 245 10$aOrthodoxie et diversités liturgiques. 773 0 $aTriacca, Achille Maria $tLiturgie et cultures.$dRoma : CLV Edizioni Liturgiche, copyr. 1997.$kBibliotheca Ephemerides Liturgicae. Subsidia$z88-86655-20-7$w()55492 996 $6245$aOrthodoxie et diversités liturgiques$9(OLS)http://semarc/title/372942 LEADER 00641naa a2200157 i 4500 001 000000317697 003 CaOOAMICUS 005 20180831173233.0 008 180831n it u000 u ita u 013 $a26879 040 $aSeMil$bita 100 1 $aDe Fanti, Laura.$0(OLS)http://semarc/name/88728 245 10$aTemi sull'iconografia paolina. 650 4$aPaolo - Iconografia.$0(OLS)http://semarc/subject/39028 773 0 $tPaolo di Tarso a 2000 anni dalla nascita.$dCantalupa (TO) : Effatà, 2009.$kStudia taurinensia$z978-88-7402-502-2$gp.409-424$w()198161 996 $6245$aTemi sull'iconografia paolina$9(OLS)http://semarc/title/391625 LEADER 00503nab a2200133 i 4500 001 000000315468 003 CaOOAMICUS 005 20180831173151.0 008 180831n xx uu u0 0und r 013 $a24555 040 $aSeMil$bita 245 12$aL'anno accademico 1972-1973 nella Pontificia Facoltà Teologica di Milano in Venegono. 773 0 $t[Gennaio-Dicembre].$g210-215$w()273985 996 $6245$aL'anno accademico 1972-1973 nella Pontificia Facoltà Teologica di Milano in Venegono$9(OLS)http://semarc/title/389517 LEADER 00590naa a2200157 i 4500 001 000000294441 003 CaOOAMICUS 005 20180831172506.0 008 180831n xx u000 u fre u 013 $a1718 040 $aSeMil$bita 100 1 $aDuquoc, Christian,$c.$0(OLS)http://semarc/name/90086 245 10$aSatan :$bla liberté cristalline. 650 4$aDemonio.$0(OLS)http://semarc/subject/6235 773 0 $tPenser la foi.$dParis : Les Éditions du Cerf, 1993.$z2-204-04863-1$gp.1005-1012$w()43487 996 $6245$aSatan :$bla liberté cristalline$9(OLS)http://semarc/title/370526